[Event "Salekhard-ch"]
[Site "Salekhard"]
[Date "2015.02.02"]
[Round "9"]
[White "Fedoseev, Timofey"]
[Black "Djachkov, Nikolay"]
[Result "1-0"]
[WhiteElo "1448"]
[BlackElo "1900"]
[PlyCount "103"]
[EventDate "2015.01.23"]
[EventType "swiss"]
[EventRounds "9"]
[EventCountry "RUS"]
[SourceTitle "CBM 164 Extra"]
[Source "ChessBase"]
[SourceDate "2015.03.02"]
[SourceVersion "1"]
[SourceVersionDate "2015.03.02"]
[SourceQuality "1"]

1. e4 e5 2. Nf3 Nc6 3. Bb5 d6 4. d4 exd4 5. Nxd4 Bd7 6. Nxc6 Bxc6 7. Bxc6+ bxc6 8. 0-0 Nf6 9. Bg5 Be7 10. Nc3 Rb8 11. b3 c5 12. Qd3 0-0 13. Rad1 a5 14. a4 h6 15. Bxf6 Bxf6 16. Nd5 Be5 17. f4 Bd4+ 18. Kh1 Re8 19. f5 f6 20. Rf4 Qd7 21. Rg4 Qf7 22. Rg6 Re5 23. Rf1 Rbe8 24. Rf4 Rxd5 25. exd5 Re1+ 26. Rf1 Rxf1+ 27. Qxf1 Qxd5 28. Rg3 Qe5 29. Rd3 d5 30. Rd1 Bc3 31. Qb5 d4 32. Qd7 Qe2 33. Qe6+ Qxe6 34. fxe6 Kf8 35. Rd3 Ke7 36. Rg3 g5 37. Rh3 Kxe6 38. Rxh6 Kd5 39. Rh7 c4 40. bxc4+ Kxc4 41. Rxc7+ Kb4 42. g3 Kxa4 43. h4 gxh4 44. gxh4 f5 45. h5 Kb4 46. h6 d3 47. cxd3 Be5 48. Rb7+ Kc5 49. Rf7 f4 50. Rf5 Kd4 51. Rxe5 Kxe5 52. h7 1-0

[Event "Salekhard-ch"]
[Site "Salekhard"]
[Date "2015.02.01"]
[Round "7"]
[White "Fedoseev, Timofey"]
[Black "Egorov, Alexey"]
[Result "0-1"]
[WhiteElo "1448"]
[BlackElo "1664"]
[PlyCount "46"]
[EventDate "2015.01.23"]
[EventType "swiss"]
[EventRounds "9"]
[EventCountry "RUS"]
[SourceTitle "CBM 164 Extra"]
[Source "ChessBase"]
[SourceDate "2015.03.02"]
[SourceVersion "1"]
[SourceVersionDate "2015.03.02"]
[SourceQuality "1"]

1. e4 c6 2. Nf3 d5 3. exd5 cxd5 4. Bb5+ Bd7 5. Nc3 e6 6. d3 Bb4 7. Bxd7+ Nxd7 8. a3 Bxc3+ 9. bxc3 Rc8 10. Bd2 Nb6 11. Rb1 Ne7 12. Ng5 h6 13. Nf3 Ng6 14. Rb3 Qf6 15. Be3 e5 16. Bxb6 axb6 17. Qb1 Rc6 18. Qb2 0-0 19. Rb5 Rfc8 20. Rb3 Nf4 21. Rg1 Nxg2+ 22. Rxg2 Qxf3 23. Kf1 Qd1# 0-1

[Event "Salekhard-ch"]
[Site "Salekhard"]
[Date "2015.01.30"]
[Round "5"]
[White "Ashirbayev, Rizvan"]
[Black "Fedoseev, Timofey"]
[Result "0-1"]
[WhiteElo "1175"]
[BlackElo "1448"]
[PlyCount "72"]
[EventDate "2015.01.23"]
[EventType "swiss"]
[EventRounds "9"]
[EventCountry "RUS"]
[SourceTitle "CBM 164 Extra"]
[Source "ChessBase"]
[SourceDate "2015.03.02"]
[SourceVersion "1"]
[SourceVersionDate "2015.03.02"]
[SourceQuality "1"]

1. e4 e5 2. Nf3 Nc6 3. Nc3 Nf6 4. Bb5 Bc5 5. Nxe5 Nxe5 6. d4 Bxd4 7. Qxd4 Nc6 8. Qd1 d6 9. 0-0 h6 10. Re1 0-0 11. Qd3 Nb4 12. Qg3 Nxc2 13. Bxh6 Nh5 14. Qg5 Qxg5 15. Bxg5 c6 16. Be2 g6 17. Rad1 Nxe1 18. Rxe1 f6 19. Bh6 Re8 20. Bc4+ Be6 21. b3 Bxc4 22. bxc4 f5 23. Bg5 fxe4 24. g4 Ng7 25. Nxe4 Re6 26. f3 d5 27. Nf6+ Kf7 28. Rc1 dxc4 29. Rxc4 Re2 30. a3 Rd8 31. Rc1 Ne6 32. Ne4 Nxg5 33. Nxg5+ Kf6 34. Ne4+ Kg7 35. g5 Rh8 36. Ng3 Rexh2 0-1

[Event "Salekhard-ch"]
[Site "Salekhard"]
[Date "2015.01.29"]
[Round "3"]
[White "Fedoseev, Timofey"]
[Black "Scheritsa, Semen"]
[Result "0-1"]
[WhiteElo "1448"]
[BlackElo "1675"]
[PlyCount "32"]
[EventDate "2015.01.23"]
[EventType "swiss"]
[EventRounds "9"]
[EventCountry "RUS"]
[SourceTitle "CBM 164 Extra"]
[Source "ChessBase"]
[SourceDate "2015.03.02"]
[SourceVersion "1"]
[SourceVersionDate "2015.03.02"]
[SourceQuality "1"]

1. e4 e6 2. Nf3 d5 3. d3 c5 4. Nc3 Nf6 5. Bg5 Be7 6. g3 0-0 7. Bg2 Nc6 8. a3 d4 9. e5 Nxe5 10. Bxf6 Bxf6 11. Ne4 Nxf3+ 12. Bxf3 Rb8 13. Nxc5 Qa5+ 14. Qd2 Qxc5 15. b4 Qe7 16. 0-0 g6 0-1